| 000 | 00622cam a2200229 4500500 | ||
|---|---|---|---|
| 005 | 20260329005045.0 | ||
| 041 | _afre | ||
| 042 | _adc | ||
| 100 | 1 | 0 |
_aDurand, Jean-Marie _eauthor |
| 245 | 0 | 0 | _aPromenadologie |
| 260 | _c2022. | ||
| 500 | _a94 | ||
| 690 | _aCampagne | ||
| 690 | _aEspace | ||
| 690 | _aGéographie | ||
| 690 | _aMarche | ||
| 690 | _apaysage | ||
| 690 | _aTerritoire | ||
| 690 | _aurbanisme | ||
| 786 | 0 | _nPhilosophie magazine | 159 | 5 | 2022-05-01 | p. 66-66 | 1951-1787 | |
| 856 | 4 | 1 | _uhttps://shs.cairn.info/magazine-philosophie-magazine-2022-5-page-66?lang=fr&redirect-ssocas=7080 |
| 999 |
_c1839864 _d1839864 |
||